[Event "Khanty-Mansiysk TOP 28 Blitz GP"]
[Site "Khanty-Mansiysk"]
[Date "2023.12.04"]
[Round "3"]
[White "Turov, Maxim"]
[Black "Lobanov, Sergei"]
[Result "1/2-1/2"]
[WhiteElo "2552"]
[BlackElo "2502"]
[PlyCount "43"]
[EventDate "2023.12.04"]
[EventType "tourn (blitz)"]
[EventRounds "13"]
[EventCountry "RUS"]
[EventCategory "10"]
[SourceTitle "CB49_2023"]
[SourceDate "2023.12.06"]
[SourceVersion "1"]
[SourceVersionDate "2023.12.06"]
[SourceQuality "1"]

1. e4 e5 2. Nf3 Nc6 3. d4 exd4 4. Nxd4 Nf6 5. Nc3 Bb4 6. Nxc6 bxc6 7. Bd3 d5 8. exd5 cxd5 9. 0-0 0-0 10. h3 c6 11. Qf3 Rb8 12. Ne2 Bd6 13. b3 Be5 14. Rb1 Qd6 15. Bf4 Bd7 16. Rbd1 Rfe8 17. c4 Bxf4 18. Nxf4 d4 19. Qg3 c5 20. Nh5 Qxg3 21. Nxf6+ gxf6 22. fxg3 1/2-1/2

[Event "Chigorin Memorial Blitz 30th"]
[Site "St Petersburg"]
[Date "2023.10.20"]
[Round "11"]
[White "Moiseenko, Vadim"]
[Black "Turov, Maxim"]
[Result "0-1"]
[WhiteElo "2529"]
[BlackElo "2552"]
[PlyCount "122"]
[EventDate "2023.10.20"]
[EventType "swiss (blitz)"]
[EventRounds "11"]
[EventCountry "RUS"]
[SourceTitle "Mega2024 Update 01"]
[Source "Chessbase"]
[SourceDate "2023.11.12"]
[SourceVersion "1"]
[SourceVersionDate "2023.11.12"]
[SourceQuality "1"]

1. Nf3 Nf6 2. d4 e6 3. c3 c5 4. Bg5 Qb6 5. Qc2 Nc6 6. e3 Be7 7. Nbd2 d5 8. Bd3 h6 9. Bh4 g5 10. Bg3 Nh5 11. 0-0 Nxg3 12. hxg3 g4 13. Nh4 Bd7 14. dxc5 Qxc5 15. b4 Qd6 16. e4 Ne5 17. exd5 Nxd3 18. Qxd3 Qxd5 19. Qxd5 exd5 20. Nb3 Rc8 21. Rac1 Be6 22. Nd4 Bf6 23. Rfd1 Bxd4 24. Rxd4 Ke7 25. Kf1 Rc6 26. Ke2 Rhc8 27. Kd3 Rc4 28. Rxc4 Rxc4 29. Re1 Kf6 30. a3 h5 31. f4 Rc6 32. Re5 Ra6 33. Rxh5 Rxa3 34. f5 Bd7 35. Kd4 a5 36. bxa5 Rxa5 37. Rh6+ Kg5 38. Rd6 Ra4+ 39. Kxd5 Bc6+ 40. Kc5 Ra3 41. Kb4 Ra2 42. Rd8 Bxg2 43. Rg8+ Kf6 44. Rxg4 Bc6 45. Rg8 Rh2 46. Kc5 Rc2 47. Kb4 Rb2+ 48. Kc5 Rc2 49. Kd4 Rd2+ 50. Ke3 Rc2 51. Kd3 Rh2 52. c4 Rh1 53. Kd4 Rd1+ 54. Kc5 Rh1 55. Rh8 Be4 56. g4 Kg5 57. Rh5+ Kxg4 58. Rh7 Rxh4 59. Rxf7 Rh5 60. Kd4 Rxf5 61. Re7 Bc6 0-1

[Event "Chigorin Memorial Blitz 30th"]
[Site "St Petersburg"]
[Date "2023.10.20"]
[Round "5"]
[White "Sharikov, Alexander"]
[Black "Turov, Maxim"]
[Result "0-1"]
[WhiteElo "2071"]
[BlackElo "2552"]
[PlyCount "100"]
[EventDate "2023.10.20"]
[EventType "swiss (blitz)"]
[EventRounds "11"]
[EventCountry "RUS"]
[SourceTitle "Mega2024 Update 01"]
[Source "Chessbase"]
[SourceDate "2023.11.12"]
[SourceVersion "1"]
[SourceVersionDate "2023.11.12"]
[SourceQuality "1"]

1. Nf3 Nf6 2. g3 b5 3. Bg2 Bb7 4. Na3 b4 5. Nc4 a5 6. a3 e6 7. axb4 axb4 8. Rxa8 Bxa8 9. 0-0 Be7 10. d3 d5 11. Nce5 0-0 12. Bd2 Nbd7 13. Qa1 Nxe5 14. Nxe5 Bd6 15. b3 c5 16. Bg5 h6 17. Bxf6 Qxf6 18. Nd7 Qxa1 19. Rxa1 Rd8 20. Ra7 Bc6 21. Ra6 Rxd7 22. Rxc6 Kf8 23. e4 dxe4 24. Bxe4 Ke7 25. Ra6 Be5 26. h4 g5 27. hxg5 hxg5 28. g4 Rd8 29. Ra8 Rd7 30. Kg2 Kf6 31. Bc6 Rc7 32. Be4 Bd4 33. Ra6 Ke5 34. Ra8 Re7 35. Ra6 Kf4 36. Bf3 f5 37. Ra8 Rf7 38. Re8 Rf6 39. Bc6 Kxg4 40. Bd7 e5 41. f3+ Kf4 42. Re6 Rf7 43. Bc8 Ke3 44. Ra6 Kd2 45. Ra2 Kc1 46. Be6 Rf6 47. Bc8 Kb1 48. Ra7 Kxc2 49. Rg7 Kxb3 50. Rxg5 Kc2 0-1

[Event "Chigorin Memorial Blitz 30th"]
[Site "St Petersburg"]
[Date "2023.10.20"]
[Round "8"]
[White "Turov, Maxim"]
[Black "Filippov, Kirill P"]
[Result "1-0"]
[WhiteElo "2552"]
[BlackElo "2066"]
[PlyCount "81"]
[EventDate "2023.10.20"]
[EventType "swiss (blitz)"]
[EventRounds "11"]
[EventCountry "RUS"]
[SourceTitle "Mega2024 Update 01"]
[Source "Chessbase"]
[SourceDate "2023.11.12"]
[SourceVersion "1"]
[SourceVersionDate "2023.11.12"]
[SourceQuality "1"]

1. e4 e6 2. d4 d5 3. e5 c5 4. c3 Nc6 5. Nf3 Bd7 6. Na3 Nge7 7. h4 cxd4 8. cxd4 Nf5 9. Nc2 Be7 10. h5 Rc8 11. Bd3 Nb4 12. Nxb4 Bxb4+ 13. Bd2 Qb6 14. Bxb4 Qxb4+ 15. Qd2 Qxd2+ 16. Kxd2 Ne7 17. h6 g6 18. Rac1 0-0 19. Rxc8 Rxc8 20. Rc1 Rxc1 21. Kxc1 Kh8 22. Ng5 Be8 23. Kd2 Ng8 24. Bb5 Nxh6 25. Bxe8 Kg7 26. Bb5 Ng8 27. g4 h6 28. Nf3 Kf8 29. Ke3 Ke7 30. Nh4 Kd8 31. f4 Ne7 32. Bd3 Nc6 33. f5 g5 34. Nf3 Ke7 35. f6+ Kd8 36. Bb5 Nb8 37. Ne1 a6 38. Ba4 b5 39. Bc2 Nd7 40. Nd3 Kc7 41. Nc5 1-0

[Event "St Petersburg Blitz 2023"]
[Site "St Petersburg"]
[Date "2023.08.25"]
[Round "8"]
[White "Makarian, Rudik"]
[Black "Turov, Maxim"]
[Result "1-0"]
[WhiteElo "2548"]
[BlackElo "2552"]
[PlyCount "49"]
[EventDate "2023.08.25"]
[EventType "game (blitz)"]
[EventRounds "11"]
[EventCountry "RUS"]
[SourceTitle "EXT 2024"]
[Source "ChessBase"]
[SourceDate "2023.10.10"]
[SourceVersion "1"]
[SourceVersionDate "2023.10.10"]
[SourceQuality "1"]

1. d4 Nf6 2. c4 e6 3. Nf3 Bb4+ 4. Bd2 a5 5. a3 Bxd2+ 6. Qxd2 0-0 7. Nc3 d6 8. e3 Nbd7 9. Bd3 b6 10. 0-0 Bb7 11. e4 e5 12. Rfe1 Re8 13. Bc2 exd4 14. Nxd4 Ne5 15. Ba4 Rf8 16. b3 Ned7 17. Bc6 Nc5 18. Bxb7 Nxb7 19. b4 Re8 20. Nd5 Nxe4 21. Qf4 Nf6 22. Nc6 Qd7 23. Qxf6 Qxc6 24. Ne7+ Kf8 25. Qh4 1-0

[Event "Novorossiysk Small Land Blitz op"]
[Site "Novorossiysk"]
[Date "2023.07.29"]
[Round "11"]
[White "Chereshkevich, Yuri"]
[Black "Turov, Maxim"]
[Result "0-1"]
[WhiteElo "1602"]
[BlackElo "2565"]
[PlyCount "53"]
[EventDate "2023.07.29"]
[EventType "swiss (blitz)"]
[EventRounds "13"]
[EventCountry "RUS"]
[SourceTitle "CBM 215 Extra"]
[Source "ChessBase"]
[SourceDate "2023.09.30"]
[SourceVersion "1"]
[SourceVersionDate "2023.09.30"]
[SourceQuality "1"]

1. d4 Nf6 2. c4 e6 3. Nc3 Bb4 4. e3 Ne4 5. Qc2 f5 6. Bd3 0-0 7. Bxe4 fxe4 8. Qxe4 d5 9. Qd3 b6 10. Nf3 Ba6 11. b3 dxc4 12. bxc4 Nc6 13. 0-0 Rxf3 14. gxf3 Ne5 15. Qe4 Bxc3 16. Qxe5 Bxa1 17. Bd2 Bb2 18. Qxe6+ Kh8 19. Rb1 Ba3 20. c5 Bxc5 21. dxc5 Qxd2 22. Qe4 Rd8 23. cxb6 axb6 24. Qa4 Bb7 25. Qf4 Qd6 26. Qg4 Qc6 27. Ra1 0-1

[Event "Novorossiysk Small Land Blitz op"]
[Site "Novorossiysk"]
[Date "2023.07.29"]
[Round "3"]
[White "Kurchenko, Egor"]
[Black "Turov, Maxim"]
[Result "0-1"]
[WhiteElo "2125"]
[BlackElo "2565"]
[PlyCount "152"]
[EventDate "2023.07.29"]
[EventType "swiss (blitz)"]
[EventRounds "13"]
[EventCountry "RUS"]
[SourceTitle "CBM 215 Extra"]
[Source "ChessBase"]
[SourceDate "2023.09.30"]
[SourceVersion "1"]
[SourceVersionDate "2023.09.30"]
[SourceQuality "1"]

1. e4 c6 2. d4 d5 3. e5 Bf5 4. c4 e6 5. Nc3 Ne7 6. a3 Nd7 7. c5 f6 8. f4 b6 9. b4 a5 10. Be3 fxe5 11. fxe5 axb4 12. axb4 Rxa1 13. Qxa1 bxc5 14. bxc5 Bg6 15. Nf3 Nf5 16. Bf2 Be7 17. Qa4 Qc7 18. Bd3 Nh4 19. Bxg6+ Nxg6 20. 0-0 0-0 21. Na2 Nf4 22. Nb4 Nb8 23. Ra1 Qb7 24. Qa7 Qxb4 25. Qxe7 Qb2 26. Ra7 Qb1+ 27. Ne1 Qg6 28. Kh1 Ne2 29. Bg1 h5 30. Nf3 Nf4 31. Nh4 Qf7 32. Qxf7+ Rxf7 33. Ra8 Rf8 34. h3 g5 35. Nf3 g4 36. Ng5 g3 37. Be3 Ne2 38. Nf3 Nd7 39. Ra7 Rf7 40. Rc7 Nb8 41. Rc8+ Rf8 42. Rxf8+ Kxf8 43. Nh4 Na6 44. Ng6+ Kf7 45. Nf4 Nxf4 46. Bxf4 Kg6 47. Bxg3 Nb4 48. Bf2 Kf5 49. Kh2 Kf4 50. Be1 Nc2 51. Bc3 h4 52. Bd2+ Kf5 53. Bc3 Kf4 54. Bd2+ Ke4 55. g3 hxg3+ 56. Kxg3 Nxd4 57. h4 Nf5+ 58. Kg4 Kxe5 59. Kg5 Ke4 60. h5 e5 61. Kf6 d4 62. h6 Nxh6 63. Bxh6 Kd5 64. Kf5 e4 65. Kf4 e3 66. Kf3 Kxc5 67. Ke2 Kc4 68. Bg7 c5 69. Bf6 Kd5 70. Be7 c4 71. Bb4 Ke4 72. Ba5 c3 73. Kd1 Kd3 74. Bb4 Kc4 75. Ba5 d3 76. Kc1 e2 0-1

[Event "Novorossiysk Small Land Blitz op"]
[Site "Novorossiysk"]
[Date "2023.07.29"]
[Round "2"]
[White "Turov, Maxim"]
[Black "Khokhlov, Igor V"]
[Result "1-0"]
[WhiteElo "2565"]
[BlackElo "1846"]
[PlyCount "29"]
[EventDate "2023.07.29"]
[EventType "swiss (blitz)"]
[EventRounds "13"]
[EventCountry "RUS"]
[SourceTitle "CBM 215 Extra"]
[Source "ChessBase"]
[SourceDate "2023.09.30"]
[SourceVersion "1"]
[SourceVersionDate "2023.09.30"]
[SourceQuality "1"]

1. e4 c5 2. Nc3 e6 3. Nf3 a6 4. g3 b5 5. Bg2 Bb7 6. d4 cxd4 7. Nxd4 Qc7 8. 0-0 Nf6 9. Re1 d6 10. Nd5 exd5 11. exd5+ Kd8 12. Bg5 Nbd7 13. Nc6+ Kc8 14. Bxf6 Nxf6 15. Bh3+ 1-0

[Event "Novorossiysk Small Land Blitz op"]
[Site "Novorossiysk"]
[Date "2023.07.29"]
[Round "6"]
[White "Turov, Maxim"]
[Black "Onischenko, Leonid"]
[Result "1-0"]
[WhiteElo "2565"]
[BlackElo "1847"]
[PlyCount "32"]
[EventDate "2023.07.29"]
[EventType "swiss (blitz)"]
[EventRounds "13"]
[EventCountry "RUS"]
[SourceTitle "CBM 215 Extra"]
[Source "ChessBase"]
[SourceDate "2023.09.30"]
[SourceVersion "1"]
[SourceVersionDate "2023.09.30"]
[SourceQuality "1"]

1. e4 d5 2. exd5 Qxd5 3. Nf3 Qa5 4. Be2 Nf6 5. 0-0 c6 6. d4 Bf5 7. c4 e6 8. Qb3 Nbd7 9. Nc3 Nb6 10. Nh4 Bg6 11. Nxg6 hxg6 12. Bf4 Be7 13. Rfd1 0-0 14. Rac1 Rfd8 15. h3 Rd7 16. Be3 Bd8 1-0

[Event "Novorossiysk Small Land Blitz op"]
[Site "Novorossiysk"]
[Date "2023.07.29"]
[Round "4"]
[White "Turov, Maxim"]
[Black "Potapova, Margarita"]
[Result "1-0"]
[WhiteElo "2565"]
[BlackElo "2100"]
[PlyCount "121"]
[EventDate "2023.07.29"]
[EventType "swiss (blitz)"]
[EventRounds "13"]
[EventCountry "RUS"]
[SourceTitle "CBM 215 Extra"]
[Source "ChessBase"]
[SourceDate "2023.09.30"]
[SourceVersion "1"]
[SourceVersionDate "2023.09.30"]
[SourceQuality "1"]

1. e4 c6 2. d4 d5 3. f3 dxe4 4. fxe4 e5 5. Nf3 Be6 6. Nbd2 Nd7 7. Bc4 Bxc4 8. Nxc4 Ngf6 9. Ncxe5 Nxe5 10. Nxe5 Bd6 11. 0-0 Bxe5 12. dxe5 Qxd1 13. Rxd1 Nd7 14. Bf4 Nc5 15. Be3 Ne6 16. Rd6 0-0 17. Rad1 c5 18. Rd7 b6 19. Kf2 Rfe8 20. R1d5 Nf8 21. R7d6 Ng6 22. e6 fxe6 23. Rd1 Ne5 24. b3 h6 25. h3 Rf8+ 26. Ke2 Rfe8 27. Bf4 Nf7 28. Rd7 e5 29. Bc1 Nh8 30. Rb7 Rf8 31. Rdd7 Rf7 32. Bb2 Rxd7 33. Rxd7 Ng6 34. g3 h5 35. h4 Kf8 36. a4 Kg8 37. Kd3 Rf8 38. Ke2 Rf7 39. Rd6 Kh7 40. Rd5 Re7 41. Kd3 Rf7 42. Ke2 Re7 43. a5 Re6 44. Rd7 bxa5 45. Rxa7 c4 46. bxc4 Rb6 47. Ba3 Rb1 48. c5 Nf8 49. c6 Ne6 50. Kd3 Rb8 51. Re7 Nd4 52. c7 Rc8 53. Bd6 Nb5 54. Bxe5 a4 55. Rxg7+ Kh6 56. Rd7 a3 57. Rd8 Rxc7 58. Bxc7 Nxc7 59. Kc3 a2 60. Kb2 Ne6 61. Rd6 1-0

[Event "Novorossiysk Small Land Rapid op"]
[Site "Novorossiysk"]
[Date "2023.07.28"]
[Round "11"]
[White "Turov, Maxim"]
[Black "Vastrukhin, Oleg"]
[Result "1/2-1/2"]
[WhiteElo "2565"]
[BlackElo "2343"]
[PlyCount "33"]
[EventDate "2023.07.26"]
[EventType "swiss (rapid)"]
[EventRounds "11"]
[EventCountry "RUS"]
[SourceTitle "CBM 215 Extra"]
[Source "ChessBase"]
[SourceDate "2023.09.30"]
[SourceVersion "1"]
[SourceVersionDate "2023.09.30"]
[SourceQuality "1"]

1. e4 e6 2. d4 d5 3. Nc3 Bb4 4. Nge2 dxe4 5. a3 Be7 6. Nxe4 Nf6 7. Qd3 b6 8. Qf3 Nxe4 9. Qxe4 Qd5 10. Qxd5 exd5 11. Nf4 c6 12. a4 a5 13. f3 Ba6 14. Kf2 Bxf1 15. Rxf1 Na6 16. Re1 Kd7 17. c3 1/2-1/2

[Event "Novorossiysk Small Land Rapid op"]
[Site "Novorossiysk"]
[Date "2023.07.28"]
[Round "10"]
[White "Zakaryan, David"]
[Black "Turov, Maxim"]
[Result "0-1"]
[WhiteElo "2310"]
[BlackElo "2565"]
[PlyCount "98"]
[EventDate "2023.07.26"]
[EventType "swiss (rapid)"]
[EventRounds "11"]
[EventCountry "RUS"]
[SourceTitle "CBM 215 Extra"]
[Source "ChessBase"]
[SourceDate "2023.09.30"]
[SourceVersion "1"]
[SourceVersionDate "2023.09.30"]
[SourceQuality "1"]

1. e4 c6 2. d4 d5 3. e5 Bf5 4. Nd2 e6 5. Nb3 Nd7 6. Nf3 Qc7 7. Be2 c5 8. c3 c4 9. Nbd2 b5 10. Nf1 Ne7 11. Ne3 Be4 12. Ng5 Bg6 13. h4 h5 14. Nh3 f6 15. Nf4 Bf7 16. Bxh5 Bxh5 17. Nxh5 fxe5 18. Qg4 Qd6 19. b3 Nf6 20. Nxf6+ gxf6 21. bxc4 bxc4 22. Rb1 Kf7 23. Qf3 exd4 24. cxd4 Rb8 25. Rxb8 Qxb8 26. g4 Qb1 27. 0-0 Rxh4 28. Ng2 Rh8 29. Re1 Qh7 30. Nf4 Qh2+ 31. Kf1 Qh1+ 32. Ke2 Qxf3+ 33. Kxf3 Bh6 34. Be3 Bxf4 35. Bxf4 Nc6 36. Rd1 Rd8 37. Be3 e5 38. Ke2 exd4 39. Bxd4 Re8+ 40. Kf3 Nxd4+ 41. Rxd4 Ke6 42. Rf4 Rb8 43. Rf5 Rb2 44. Rh5 Rxa2 45. Ke3 c3 46. f4 Rg2 47. Kf3 c2 48. Rh1 Rd2 49. Rc1 d4 0-1

[Event "Novorossiysk Small Land Rapid op"]
[Site "Novorossiysk"]
[Date "2023.07.27"]
[Round "6"]
[White "Potapova, Margarita"]
[Black "Turov, Maxim"]
[Result "1/2-1/2"]
[WhiteElo "2100"]
[BlackElo "2565"]
[PlyCount "53"]
[EventDate "2023.07.26"]
[EventType "swiss (rapid)"]
[EventRounds "11"]
[EventCountry "RUS"]
[SourceTitle "CBM 215 Extra"]
[Source "ChessBase"]
[SourceDate "2023.09.30"]
[SourceVersion "1"]
[SourceVersionDate "2023.09.30"]
[SourceQuality "1"]

1. d4 Nf6 2. c4 e6 3. Nc3 Bb4 4. f3 d5 5. a3 Be7 6. e4 dxe4 7. fxe4 c5 8. d5 exd5 9. exd5 0-0 10. Be2 Re8 11. Nf3 Bg4 12. 0-0 Nbd7 13. d6 Bf8 14. h3 Bxf3 15. Bxf3 Ne5 16. Bg5 Qxd6 17. Bxf6 gxf6 18. Bd5 Bg7 19. Ne4 Qb6 20. Qc2 Ng6 21. Ng3 Re5 22. Rf2 Rae8 23. Raf1 Ne7 24. Be4 Ng6 25. Bd5 Ne7 26. Be4 Ng6 27. Bd5 1/2-1/2

[Event "Novorossiysk Small Land Rapid op"]
[Site "Novorossiysk"]
[Date "2023.07.27"]
[Round "8"]
[White "Vetokhin, Savva"]
[Black "Turov, Maxim"]
[Result "1/2-1/2"]
[WhiteElo "2412"]
[BlackElo "2565"]
[PlyCount "61"]
[EventDate "2023.07.26"]
[EventType "swiss (rapid)"]
[EventRounds "11"]
[EventCountry "RUS"]
[SourceTitle "CBM 215 Extra"]
[Source "ChessBase"]
[SourceDate "2023.09.30"]
[SourceVersion "1"]
[SourceVersionDate "2023.09.30"]
[SourceQuality "1"]

1. d4 Nf6 2. c4 e6 3. Nc3 Bb4 4. e3 Ne4 5. Bd2 Bxc3 6. bxc3 0-0 7. Bd3 Nxd2 8. Qxd2 d6 9. Nf3 Nd7 10. 0-0 b6 11. Qc2 g6 12. Nd2 Bb7 13. f4 c5 14. e4 cxd4 15. cxd4 e5 16. Qb2 Qc7 17. Nf3 exd4 18. Qxd4 Qc5 19. Rad1 Qxd4+ 20. Nxd4 Nc5 21. Rfe1 Rfe8 22. Nb5 Nxd3 23. Rxd3 Rxe4 24. Rxe4 Bxe4 25. Rxd6 Rc8 26. Rd4 Bf5 27. Nxa7 Ra8 28. Nc6 Rxa2 29. Ne7+ Kg7 30. Nxf5+ gxf5 31. Rd6 1/2-1/2

[Event "Novorossiysk Small Land op"]
[Site "Novorossiysk"]
[Date "2023.07.24"]
[Round "8"]
[White "Koliev, Irlan"]
[Black "Turov, Maxim"]
[Result "0-1"]
[WhiteElo "2019"]
[BlackElo "2565"]
[PlyCount "72"]
[EventDate "2023.07.17"]
[EventType "swiss"]
[EventRounds "9"]
[EventCountry "RUS"]
[SourceTitle "CBM 215 Extra"]
[Source "ChessBase"]
[SourceDate "2023.09.30"]
[SourceVersion "1"]
[SourceVersionDate "2023.09.30"]
[SourceQuality "1"]

1. d4 Nf6 2. c4 g6 3. Nc3 Bg7 4. e4 d6 5. Be2 0-0 6. Nf3 e5 7. 0-0 Nc6 8. d5 Ne7 9. Ne1 Nd7 10. f3 f5 11. g4 Kh8 12. Be3 Ng8 13. Ng2 Bh6 14. Bxh6 Nxh6 15. Qd2 f4 16. Qe1 Nf7 17. h4 a5 18. Qf2 Nc5 19. b3 Bd7 20. Ne1 Nh6 21. Kh1 c6 22. Rd1 cxd5 23. Nxd5 Nxg4 24. fxg4 Nxe4 25. Qh2 Ng3+ 26. Kg1 Nxe2+ 27. Qxe2 Qxh4 28. Ng2 Bxg4 29. Qe1 Qg5 30. Rd2 f3 31. Qe3 Rf5 32. Qxg5 Rxg5 33. Nge3 Bh3+ 34. Kf2 Bxf1 35. Kxf1 Rh5 36. Rd3 Rf8 0-1

[Event "Novorossiysk Small Land op"]
[Site "Novorossiysk"]
[Date "2023.07.23"]
[Round "7"]
[White "Turov, Maxim"]
[Black "Muromtsev, Arthur"]
[Result "1-0"]
[WhiteElo "2565"]
[BlackElo "2019"]
[PlyCount "59"]
[EventDate "2023.07.17"]
[EventType "swiss"]
[EventRounds "9"]
[EventCountry "RUS"]
[SourceTitle "CBM 215 Extra"]
[Source "ChessBase"]
[SourceDate "2023.09.30"]
[SourceVersion "1"]
[SourceVersionDate "2023.09.30"]
[SourceQuality "1"]

1. e4 e5 2. Nf3 Nc6 3. Bb5 Nge7 4. Nc3 Ng6 5. h4 Bd6 6. h5 Nf4 7. d4 exd4 8. Nxd4 Nxd4 9. Qxd4 Ne6 10. Qd1 Be5 11. Be3 c6 12. Bc4 Qf6 13. Qd2 b5 14. Bxe6 Qxe6 15. f4 Bc7 16. h6 b4 17. hxg7 Rg8 18. Na4 Rxg7 19. Nc5 Qg4 20. e5 Rb8 21. Ne4 Qxg2 22. Nf6+ Kd8 23. Qxg2 Rxg2 24. Rxh7 Bb6 25. Bxb6+ axb6 26. 0-0-0 Rf2 27. Rxf7 Rxf4 28. Rh1 Rd4 29. e6 Kc7 30. e7 1-0

[Event "Novorossiysk Small Land op"]
[Site "Novorossiysk"]
[Date "2023.07.22"]
[Round "6"]
[White "Gurianov, Daniil"]
[Black "Turov, Maxim"]
[Result "0-1"]
[WhiteElo "2064"]
[BlackElo "2565"]
[PlyCount "96"]
[EventDate "2023.07.17"]
[EventType "swiss"]
[EventRounds "9"]
[EventCountry "RUS"]
[SourceTitle "CBM 215 Extra"]
[Source "ChessBase"]
[SourceDate "2023.09.30"]
[SourceVersion "1"]
[SourceVersionDate "2023.09.30"]
[SourceQuality "1"]

1. e4 c6 2. d4 d5 3. exd5 cxd5 4. Bd3 Nc6 5. c3 Nf6 6. h3 g6 7. Nf3 Bf5 8. Be2 e6 9. 0-0 Qc7 10. Re1 h6 11. Bb5 Bd6 12. c4 a6 13. Bxc6+ bxc6 14. c5 Be7 15. Nc3 g5 16. Ne5 Nd7 17. b4 Nxe5 18. dxe5 a5 19. Ba3 axb4 20. Bxb4 0-0 21. Ne2 Rfb8 22. a3 Bf8 23. Nd4 Bg7 24. Nxf5 exf5 25. f4 gxf4 26. Qd4 Re8 27. Bc3 Re6 28. Qxf4 Qe7 29. Bd4 Ra4 30. Rab1 Qg5 31. Qf2 Rg6 32. Rb4 Rxa3 33. Be3 Qg3 34. Qxg3 Rxg3 35. Bf2 Rg6 36. Rf4 Rxh3 37. Rxf5 Rb3 38. Ra1 Rb7 39. Ra8+ Kh7 40. Rc8 Re6 41. Bd4 Kg6 42. Rf4 h5 43. g3 Rb4 44. Bc3 Rb3 45. Bd4 Rxg3+ 46. Kf2 Rg4 47. Rxg4+ hxg4 48. Kg3 Kf5 0-1

[Event "Chigorin Memorial Blitz"]
[Site "St Petersburg"]
[Date "2022.10.21"]
[Round "6"]
[White "Petrushev, Nikita"]
[Black "Turov, Maxim"]
[Result "0-1"]
[WhiteElo "2158"]
[BlackElo "2565"]
[PlyCount "60"]
[EventDate "2022.10.21"]
[EventType "swiss (blitz)"]
[EventRounds "11"]
[EventCountry "RUS"]
[SourceTitle "EXT 2024"]
[Source "ChessBase"]
[SourceDate "2023.10.10"]
[SourceVersion "1"]
[SourceVersionDate "2023.10.10"]
[SourceQuality "1"]

1. e4 c6 2. d4 d5 3. f3 g6 4. Nc3 Bg7 5. Be3 Qb6 6. Qd2 Qxb2 7. Rb1 Qa3 8. Bd3 Nd7 9. Nge2 Nb6 10. 0-0 Nf6 11. Rb3 Qa5 12. Nxd5 Qxd2 13. Nxf6+ Bxf6 14. Bxd2 Be6 15. Rbb1 Bxa2 16. Ra1 Bc4 17. e5 Bxd3 18. cxd3 Bg7 19. Rfb1 Kd7 20. Nc3 Rhb8 21. Ne4 Nd5 22. Nc5+ Kc8 23. f4 b6 24. Ne4 Kd7 25. Ng5 h6 26. Nf3 e6 27. Kf2 a5 28. g4 a4 29. h4 b5 30. h5 gxh5 0-1

[Event "Chigorin Memorial Blitz"]
[Site "St Petersburg"]
[Date "2022.10.21"]
[Round "9"]
[White "Turov, Maxim"]
[Black "Chetverikov, Georgy"]
[Result "1/2-1/2"]
[WhiteElo "2565"]
[BlackElo "1900"]
[PlyCount "128"]
[EventDate "2022.10.21"]
[EventType "swiss (blitz)"]
[EventRounds "11"]
[EventCountry "RUS"]
[SourceTitle "EXT 2024"]
[Source "ChessBase"]
[SourceDate "2023.10.10"]
[SourceVersion "1"]
[SourceVersionDate "2023.10.10"]
[SourceQuality "1"]

1. d4 Nf6 2. Nf3 d5 3. c4 e6 4. Bg5 Be7 5. Nbd2 b6 6. cxd5 exd5 7. e3 0-0 8. Bd3 c5 9. 0-0 Nc6 10. Rc1 c4 11. Bb1 b5 12. Ne5 Nxe5 13. dxe5 Nd7 14. Bf4 Re8 15. Nf3 Nf8 16. Nd4 Qb6 17. e4 Bc5 18. Nf5 Ng6 19. Bg3 Bxf5 20. exf5 Nxe5 21. Qxd5 Rad8 22. Qe4 Nd3 23. Bxd3 Rxe4 24. Bxe4 Rd2 25. b3 Rxa2 26. bxc4 b4 27. Rcd1 Bd4 28. Bd5 b3 29. c5 Bxc5 30. Bxb3 Qxb3 31. Rd8+ Bf8 32. Bd6 h5 33. Bxf8 Kh7 34. h3 a5 35. f6 gxf6 36. Rd6 Rb2 37. Rxf6 Rb1 38. Rxb1 Qxb1+ 39. Kh2 Qb3 40. Bd6 a4 41. Rf3 Qd5 42. Ba3 Qe5+ 43. Kg1 f5 44. Re3 Qd4 45. Rf3 Kg6 46. Kh2 Qe5+ 47. Kg1 Qe4 48. Re3 Qb1+ 49. Kh2 Qb8+ 50. Kg1 Kf6 51. Be7+ Kf7 52. Ba3 Qb5 53. Re7+ Kf6 54. Re3 f4 55. Rf3 Kg5 56. Kh2 Qc4 57. Bd6 h4 58. Be7+ Kh5 59. Bd6 Kg5 60. Ba3 Qe4 61. Bc1 Qc4 62. Ba3 Qe4 63. Rc3 Kf5 64. Rf3 Kg5 1/2-1/2

[Event "Chigorin Memorial Blitz"]
[Site "St Petersburg"]
[Date "2022.10.21"]
[Round "7"]
[White "Turov, Maxim"]
[Black "Osmolny, Vladimir I"]
[Result "1-0"]
[WhiteElo "2565"]
[BlackElo "2092"]
[PlyCount "53"]
[EventDate "2022.10.21"]
[EventType "swiss (blitz)"]
[EventRounds "11"]
[EventCountry "RUS"]
[SourceTitle "EXT 2024"]
[Source "ChessBase"]
[SourceDate "2023.10.10"]
[SourceVersion "1"]
[SourceVersionDate "2023.10.10"]
[SourceQuality "1"]

1. e4 c5 2. Nc3 d6 3. d4 cxd4 4. Qxd4 a6 5. b3 Nc6 6. Qd2 g6 7. Bb2 Bg7 8. 0-0-0 b5 9. f4 Be6 10. Nd5 Bxb2+ 11. Kxb2 Bxd5 12. exd5 Nb8 13. g4 Nf6 14. g5 Nfd7 15. h4 Nc5 16. h5 Rf8 17. Nf3 Nbd7 18. Nd4 Qb6 19. Nc6 Nb8 20. Re1 Nxc6 21. dxc6 Ra7 22. Qxd6 Rc7 23. Bh3 e6 24. Bg2 b4 25. Re5 Nb7 26. Qd2 Nd8 27. Rd1 1-0

[Event "RUS-ch Rapid"]
[Site "Sochi"]
[Date "2022.10.15"]
[Round "1"]
[White "Shakirov, Marat"]
[Black "Turov, Maxim"]
[Result "0-1"]
[WhiteElo "2128"]
[BlackElo "2565"]
[PlyCount "58"]
[EventDate "2022.10.15"]
[EventType "swiss (rapid)"]
[EventRounds "11"]
[EventCountry "RUS"]
[SourceTitle "CBM 210 Extra"]
[Source "ChessBase"]
[SourceDate "2022.11.30"]
[SourceVersion "1"]
[SourceVersionDate "2022.11.30"]
[SourceQuality "1"]

1. d4 Nf6 2. c4 g6 3. Nc3 d5 4. cxd5 Nxd5 5. Bd2 Bg7 6. e4 Nxc3 7. Bxc3 0-0 8. Rc1 Nc6 9. d5 Nb8 10. Bxg7 Kxg7 11. h4 h5 12. Be2 c6 13. g4 cxd5 14. Qd4+ f6 15. gxh5 dxe4 16. Qxe4 Bf5 17. Qe3 Nc6 18. hxg6 Bxg6 19. Nh3 Qd4 20. Nf4 Qxe3 21. fxe3 Bf7 22. Kf2 e5 23. Rcg1+ Kh6 24. Nh3 Bxa2 25. Bd3 Rg8 26. Ke2 Bd5 27. Rxg8 Rxg8 28. Rd1 Rg3 29. Bf5 Ne7 0-1